| 000 | 00996nam a2200289 4500 | ||
|---|---|---|---|
| 003 | EG-GICUC | ||
| 005 | 20260212150506.0 | ||
| 008 | 260212s2001 ua ||||fr|||| 00| 0 ara d | ||
| 040 |
_a EG-GICUC _bara _c EG-GICUC _d EG-GICUC _erda |
||
| 041 | 0 | _aara | |
| 082 | 0 | 4 |
_221 _a341.48 _bش ر . م |
| 092 | 0 | 4 | _221 |
| 099 | _aLaw1 341.48 ش ر . م 1 ed - 2001 | ||
| 100 | 0 |
_aشريف عتلم _eAuthor. |
|
| 245 | 1 | 0 |
_aمحاضرات في القانون الدولي الإنساني / _cشريف عتلم. |
| 250 | _aالطبعة الاولى | ||
| 264 | 1 |
_aالقاهرة : _bدار المستقبل الغربي، _c2001. |
|
| 300 |
_a176 ؛ صفحة _c24 سم |
||
| 336 |
_2rda content _atext |
||
| 337 |
_2rda media _aComputer |
||
| 338 |
_2rda carrier _aOnline Resource |
||
| 546 | _aالنص باللغة العربية | ||
| 650 | 1 | 4 | _aالقانون الدولي العام |
| 856 | 4 | 0 | _uhttps://fll.law.cu.edu.eg/fulltext/bks/B11-07695.pdf |
| 905 | _a30 | ||
| 942 |
_2ddc _cBK _e21 _n0 |
||
| 999 |
_c62812 _d62812 |
||